000 00286nam a2200109Ia 4500
008 220204s9999 xx 000 0 und d
082 _a51:62
_bMOO
100 _aMoore, Claude S
245 0 _aApplied mathematics for technicians
260 _aNew Jersey
_bPrentice Hall
_c1975
942 _cBK
999 _c24894
_d24894